=LDR 00000nam 2200000 4500 =001 INLIS000000000006446 =005 20220614102509 =035 ##$$a 0010-0622000307 =245 1#$$a Buletin Parlemetraria /$c WINANGTUNING TYAS TITI SWASANANY, SEKERARIS JENDERAL DPR RI) =100 1#$$a SWASANANY, Winangtuni Tyas =250 ##$$a Edisi 935 Desember 2016 =300 ##$$a 23 halaman : $b Gambar ; $c 21x28 cm =260 ##$$a Jakarta :$b Media cetak dan media sosial DPR RI Gedung Nusantara II =082 ##$$a 125 =084 ##$$a 125 SWA b =500 ##$$a Belanda akui Indonesia negara demokratis terbesar dunia =990 ##$$a 17/B-19